Statistiques concernant Communes de l'arrondissement de Sélestat

Cliquez ici pour prendre le quiz!

Statistiques générales

  • Ce quiz a été pris 6 fois
  • Le résultat moyen est 48 sur 64

Statistiques - réponses

Code INSEE Commune/Gmeinde % Correct
67281Marckolsheim
100%
67063Breitenbach
100%
67003Albé
100%
67426Saint-Martin
100%
67032Bernardvillé
100%
67462Sélestat
100%
67490Thanvillé
100%
67507Villé
100%
67360Ohnenheim
75%
67255Lalaye
75%
67362Orschwiller
75%
67320Neuve-Église
75%
67387Reichsfeld
75%
67277Mackenheim
75%
67310Mussig
75%
67398Richtolsheim
75%
67311Muttersholtz
75%
67317Neubois
75%
67280Maisonsgoutte
75%
67429Saint-Pierre
75%
67481Stotzheim
75%
67486Sundhouse
75%
67499Urbeis
75%
67505La Vancelle
75%
67477Steige
75%
67461Schwobsheim
75%
67427Saint-Maurice
75%
67430Saint-Pierre-Bois
75%
67445Scherwiller
75%
67453Schœnau
75%
67422Saasenheim
75%
67239Kintzheim
75%
67062Breitenau
75%
67056Bootzheim
75%
67073Châtenois
75%
67084Dambach-la-Ville
75%
67092Dieffenbach-au-Val
75%
67090Diebolsheim
75%
67053Bœsenbiesen
75%
67051Blienschwiller
75%
67019Baldenheim
75%
67011Artolsheim
75%
67021Barr
75%
67022Bassemberg
75%
67040Bindernheim
75%
67227Itterswiller
75%
67094Dieffenthal
75%
67115Ebersheim
75%
67189Heiligenstein
75%
67195Hessenheim
75%
67210Le Hohwald
75%
67143Fouchy
75%
67187Heidolsheim
75%
67116Ebersmunster
75%
67121Elsenheim
75%
67125Epfig
75%
67196Hilsenheim
50%
67010Andlau
50%
67493Triembach-au-Val
50%
67295Mittelbergheim
50%
67155Gertwiller
50%
67547Wittisheim
50%
67337Nothalten
50%
67120Eichhoffen
25%

Distribution des résultats

Percentile by Number Answered

% des personnes avec chaque résultat

Votre développement - résultats

Vous n’avez pas pris ce quiz